Central Library OPAC University of Rajshahi

Geography of Japan / (Record no. 23384)

MARC details
000 -LEADER
fixed length control field 00913cam a2200289 a 4500
001 - CONTROL NUMBER
control field 23384
003 - CONTROL NUMBER IDENTIFIER
rucl marc code BD-RjUL
005 - DATE AND TIME OF LATEST TRANSACTION
control field 20211209000925.0
008 - FIXED-LENGTH DATA ELEMENTS--GENERAL INFORMATION
fixed length control field 140310s1980 ja ab b 001 0 eng
020 ## - INTERNATIONAL STANDARD BOOK NUMBER
International Standard Book Number 0870404946 :
035 ## - SYSTEM CONTROL NUMBER
System control number (BD-RjUL)23449
040 ## - CATALOGING SOURCE
Original cataloging agency DLC
Transcribing agency DLC
Modifying agency DLC
Language of cataloging eng
041 ## - LANGUAGE CODE
Language code of text/sound track or separate title eng
082 00 - DEWEY DECIMAL CLASSIFICATION NUMBER
Classification number 952
Edition number 19
Author mark and year GEO 1980
245 00 - TITLE STATEMENT
Title Geography of Japan /
Statement of responsibility, etc. edited by the Association of Japanese Geographers.
260 ## - PUBLICATION, DISTRIBUTION, ETC. (IMPRINT)
Place of publication, distribution, etc. Tokyo :
Name of publisher, distributor, etc. Teikoku-Shoin,
Date of publication, distribution, etc. c1980.
300 ## - PHYSICAL DESCRIPTION
Pagination xxiii, 440 p. :
Illustrations ill., maps ;
Size 27 cm.
490 1# - SERIES STATEMENT
Series statement Special publication / Association of Japanese Geographers ;
Volume/sequential designation no. 4
504 ## - BIBLIOGRAPHY, ETC. NOTE
Bibliography, etc Includes bibliographies and indexes.
651 #0 - SUBJECT ADDED ENTRY--GEOGRAPHIC NAME
Geographic name Japan
General subdivision Geography.
9 (RLIN) 72021
710 2# - ADDED ENTRY--CORPORATE NAME
Corporate name or jurisdiction name as entry element Nippon Chirigakkai.
9 (RLIN) 72023
830 #0 - SERIES ADDED ENTRY--UNIFORM TITLE
Volume number/sequential designation no. 4.
830 #0 - SERIES ADDED ENTRY--UNIFORM TITLE
Uniform title Special publication (Nihon Chiri Gakkai) ;
942 ## - ADDED ENTRY ELEMENTS (KOHA)
Source of classification or shelving scheme Dewey Decimal Classification
Koha item type Books
Holdings
Lost status Source of classification or shelving scheme Damaged status Not for loan Collection code Permanent Location Current Location Shelving location Date acquired Source of acquisition Total Checkouts Full call number Date last seen Copy number Koha item type
  Dewey Decimal Classification   Added to bundle Non-fiction Central Library, University of Rajshahi Central Library, University of Rajshahi Reading Room 28/01/1989 Asia Fundation Gift   952 GEO 1980 10/03/2014 C-1 Books